000
00286nam a2200121 a 4500
008
101208s1980|||| d
245
1
0
_a
Čierno biela tvorivá fotografie
100
1
_a
Tausk, Peter
260
_b
Osveta
_a
Martin
_c
1980
020
_c
44
044
_a
xo
_c
SK
041
_a
slo
999
_c
14877
_d
14877